| 000 | 00719cab a2200205 4500 | ||
|---|---|---|---|
| 001 | L136613 | ||
| 008 | 070212n 000 0 eng u | ||
| 035 | _a(Sirsi) u136613 | ||
| 041 | 0 | _aeng | |
| 100 | 1 | _aBarrett, Claer | |
| 245 | 0 | 0 |
_aRegional _bMidtown, Euston and King's Cross |
| 490 | 0 |
_aProperty Week _v72(6) 9 February 2007, 97-111(8) |
|
| 520 | _aDiscusses a media group's move to offices at King's Cross, the rising office rents in Midtown and the conversion of the Bow Street Magistrates Court into a luxury hotel | ||
| 590 | _aKA | ||
| 651 | 4 | _aCENTRAL LONDON | |
| 690 | _aPROPERTY-COMMERCIAL PROPERTY-COMMERCIAL PROPERTY MARKET | ||
| 700 | 1 | _aShepherd, Mark | |
| 700 | 1 | _aStockdale, Lydia | |
| 942 | _n0 | ||
| 999 |
_c78369 _d78369 |
||